Jogadores com mais gols na história da liga dos campeões - Statistics

Estatísticas Gerais
  • Esse quiz foi jogado 17 vezes
  • A pontuação média é 28 de 50
Estatísticas das Respostas
Nacionalidade Resposta Gols % Correto
Portugal Cristiano Ronaldo 140
100%
França Kylian Mbappe 70
100%
Argentina Lionel Messi 129
100%
Brasil Neymar 43
100%
Polonia Robert lewandowski 107
100%
Noruega Erling Haaland 57
91%
Suécia Ibrahimovic 48
91%
Egito Mohamed Salah 49
91%
Inglaterra Harry Kane 48
82%
França Karim Benzema 90
82%
Uruguai Luis Suárez 27
82%
Espanha Raúl 71
82%
Holanda Robin van Persie 25
82%
Costa do Marfim Didier Drogba 44
73%
Argentina/Espanha Di Stéfano 49
73%
Bósnia e Herzegovina Edin Džeko 29
73%
Hungria Ferenc Puskás 36
73%
Alemanha Gerd Müller 34
73%
Camarões Samuel Eto'o 30
73%
França Thierry Henry 51
73%
Alemanha Thomas Muller 57
73%
Uruguai Edinson Cavani 35
64%
Portugal Eusébio 46
64%
Brasil Kaká 30
64%
Senagal Sadio Mané 27
64%
Ucrânia Shevchenko 48
64%
Holanda van Nistelrooy 56
64%
Brasil Vinícius Júnior 34
64%
França Antoine Griezmann 44
55%
Itália Filippo Inzaghi 46
55%
Itália Del Piero 42
45%
Argentina Hernán Crespo 25
45%
Brasil Rivaldo 27
45%
Brasil Gabriel Jesus 26
36%
Brasil Rodrygo 26
36%
Inglaterra Wayne Rooney 30
36%
Holanda Arjen Robben 31
27%
País de Gales Ryan Giggs 28
27%
Argentina Sergio Agüero 41
27%
Espanha Álvaro Morata 29
18%
Espanha Francisco Gento 30
18%
França Jean-Pierre Papin 28
18%
França David Trezeguet 29
9%
Espanha Fernando Morientes 33
9%
Argentina Lautaro Martínez 25
9%
Alemanha Mario Gómez 26
9%
Brasil Mário Jardel 25
9%
Holanda Patrick Kluivert 29
9%
Inglaterra Raheem Sterling 27
9%
Holanda Roy Makaay 29
9%
Nenhum quiz correspondente encontrado
Distribuição das Pontuações
Porcentagem de Pessoas com Cada Pontuação
Percentil de Números Respondidos
Sua Pontuação Histórica
Você não jogou esse quiz